000 06813cam a22007094i 4500
003 PE-LiUPU
005 20250731175635.0
008 150706s2000 sp a r 000 0 spa d
020 _a8428325707
020 _a9788428325707
035 _a(Sirsi) i9788428325707
040 _aPE-LiUPU
_bspa
_cPE-LiUPU
_dPE-LiUPU
_erda
049 _aPRUA
082 0 4 _a468.2
_bM26 2000
_221
082 0 4 _a468
_bM26 2000
_221
100 1 _aMartín Vivaldi, Gonzalo,
_eautor.
245 1 0 _aCurso de redacción :
_bteoría y práctica de la composición y del estilo /
_cGonzalo Martín Vivaldi ; edición actualizada por Arsenio Sánchez Pérez.
250 _a33a edición.
264 1 _aMadrid :
_bParaninfo,
_c2000.
300 _a539 páginas :
_bilustraciones ;
_c24 centímetros
336 _atext
_2rdacontent
337 _aunmediated
_2rdamedia
338 _avolume
_2rdacarrier
505 0 _aCuestiones gramaticales -- La puntuación: las reglas y el temperamento -- La coma -- El punto y coma -- Ejercicios -- La puntuación (conclusión) -- El punto -- Los dos puntos -- Los puntos suspensivos -- Los signos de interrogación y admiración -- Guiones y paréntesis -- Las comillas -- Posibilidad de crear nuevos signos de puntuación -- Ejercicios -- Claridad y orden -- Elementos de la oración o frase -- Oración y sintagma -- El predicado: sus clases -- El enunciado: frase, período y cláusula -- La frase inarticulada y la frase nominal -- La frase larga y el período -- Ejercicios -- Elementos modificadores y frases modificadoras -- Su importancia en la puntuación de la frase -- Elementos modificadores -- Frases modificadoras -- Ejercicios -- Precisión en el empleo del lenguaje -- Uso y abuso de las palabras "cosa", "algo", "esto" y "eso" -- La palabra "cosa" -- La palabra "algo" -- Los pronombres demostrativos "esto" y "eso" -- Ejercicios -- La elegancia en el lenguaje y el arte de escribir -- La construcción de la frase y la armonía -- La armonía, cualidad esencial del arte de escribir -- Vicios: cacofonía, monotonía, repeticiones, asonancias y consonancias -- Ejercicios -- El arte de escribir y las técnicas -- La técnica ayuda, pero no basta -- La descripción y su técnica I -- Principios generales -- Mecanismo de la descripción -- Tiempo de la descripción -- Ejercicios -- La descripción y su técnica II -- Cualidades de la descripción -- Descripciones diversas según su sujeto individual -- Diferentes tipos de descripción de un conjunto -- Reglas del estilo descriptivo -- Ejercicios -- La información y la noticia -- La noticia -- La noticia y sus elementos -- Orden informativo: la pirámide invertida -- Valoración -- Límites del orden descendente -- La "encabezaditis" -- La entradilla o "lead" -- Condiciones de la noticia -- Observaciones prácticas -- Ejercicios -- El reportaje -- El reportaje, el gran reportaje y la novela -- Ejercicios -- El comentario -- Técnica del comentario -- Qué es comentar -- Ejemplos comentados -- Ejercicios -- Condiciones del comentarista -- El comentarista -- Lenguaje y estilo -- Ejemplo comentado -- Ejercicios -- La narración y su técnica -- Esquema de la narración -- Qué es narrar -- Leyes de la narración -- El interés humano -- Cómo se gana la atención del lector -- Verdad y verosimilitud en la narración -- Notas complementarias sobre la verosimilitud -- Ejercicios -- Elementos de la narración -- El narrador -- Los tipos -- Opiniones de Ortega, Mauriac y Baroja -- El diálogo -- La acción -- El ambiente -- Tres tipos de relato literario -- Ejercicios.
526 _aP145
526 _aP127
526 _aP97
526 _aP35
526 _aP14
526 _aP07
541 _g0014-013117;
541 _g017921;
541 _g017921;
541 _g015-0011205;
541 _g045-0004362;
541 _g030-0013374;
541 _g001-00003175;
650 0 4 _aEspañol
_xComposición y ejercicios.
650 0 4 _aEspañol
_vEjercicios de redacción.
650 0 4 _aRedacción
_xEstudio y enseñanza.
650 0 4 _aComunicación escrita
_xEstudio y enseñanza.
910 _agl
_bjv
_clch
_d20100304
910 _btqv
_caic
_d20170118
910 _adbm
_bncf
_cncf
_d20190619
942 _2ddc
_cBOOK
949 _a468.2 M26 2000
_wDEWEY
_c1
_i51417
_lCCODEBUL1
_mBUL
_p22.00
_r0
_sY
_tBOOK
_u2015-7-6
_xFCE
_zUNKNOWN
_o.STAFF. Colección General
949 _a468.2 M26 2000
_wDEWEY
_c2
_i54994
_lCCODEBUL1
_mBUL
_p39.00
_r0
_sY
_tBOOK
_u2015-7-6
_xFCE
_zUNKNOWN
_o.STAFF. Colección General
949 _a468.2 M26 2000
_wDEWEY
_c3
_i55265
_lCCODEBUL1
_mBUL
_p39.00
_r0
_sY
_tBOOK
_u2015-7-6
_xFCE
_zUNKNOWN
_o.STAFF. Colección Ciencias Empresariales
949 _a468.2 M26 2000
_wDEWEY
_c4
_i61232
_lCCODEBUL1
_mBUL
_p52.00
_r0
_sY
_tBOOK
_u2015-7-6
_xFCE
_zAGB
_o.STAFF. Colección General
949 _a468.2 M26 2000
_wDEWEY
_c5
_i65825
_lCCODEBUL1
_mBUL
_p50.00
_r0
_sY
_tBOOK
_u2015-7-6
_xFCE
_zAGB
_o.STAFF. Colección General
949 _a468.2 M26 2000
_wDEWEY
_c6
_i65850
_lCCODEBUL1
_mBUL
_r0
_sY
_tBOOK
_u2015-7-6
_xFCE
_PP04
_o.STAFF. Colección General
949 _a468 V77 2000
_wDEWEY
_c1
_iFJ05548
_lCCODEBUJ1
_mBUJ
_p44.00
_r0
_sY
_tBOOK
_u2017-01-18
_xFCE
_PP04
_0COMPRA
_o.STAFF. Colección General Juliaca
994 _aC0
_bPEPRU
596 _a1 3
999 _a468.2 M26 2000
_wDEWEY
_c50497
_i51417
_f2019-12-10
_g5
_lDISCARD
_mBUL
_p22.00
_r1
_sY
_tBOOK
_u2015-7-6
_xFCE
_zUNKNOWN
_o.STAFF. Colección General
_d50497
999 _a468.2 M26 2000
_wDEWEY
_c2
_i54994
_f2019-12-10
_g5
_lDISCARD
_mBUL
_p39.00
_r1
_sY
_tBOOK
_u2015-7-6
_xFCE
_zUNKNOWN
_o.STAFF. Colección General
999 _a468.2 M26 2000
_wDEWEY
_c3
_i55265
_d2018-3-9
_e2016-8-22
_f2021-11-8
_g7
_lCCODEBUL1
_mBUL
_n2
_p39.00
_q1
_r0
_sY
_tBOOK
_u2015-7-6
_xEDUCACION
_PP04
_0COMPRA
_o.STAFF. Colección Ciencias Empresariales
999 _a468.2 M26 2000
_wDEWEY
_c4
_i61232
_f2021-11-8
_g6
_lCCODEBUL1
_mBUL
_p52.00
_r0
_sN
_tBOOK
_u2015-7-6
_xEDUCACION
_zAGB
_o.STAFF. Colección General
999 _a468.2 M26 2000
_wDEWEY
_c5
_i65825
_d2019-6-9
_f2021-11-8
_g6
_lCCODEBUL1
_mBUL
_p50.00
_q1
_r0
_sN
_tBOOK
_u2015-7-6
_xEDUCACION
_zAGB
_o.STAFF. Colección General
999 _a468.2 M26 2000
_wDEWEY
_c6
_i65850
_d2016-4-4
_e2016-3-28
_f2021-11-8
_g6
_lCCODEBUL1
_mBUL
_n2
_p50.00
_r0
_sY
_tBOOK
_u2015-7-6
_xEDUCACION
_PP04
_o.STAFF. Colección General
999 _a468 M26 2000
_wDEWEY
_c1
_iFJ05548
_d2019-3-11
_e2019-3-8
_f2022-1-19
_g4
_lCCODEBUJ1
_mBUJ
_n2
_p44.00
_q3
_r0
_sY
_tBOOK
_u2018-1-11
_xFCE
_PP04
_0COMPRA
_o.STAFF. Colección General Juliaca
980 _81
_gALBERTO SANCHEZ Responsable de Automatización